Curious George : up, up, and away / adaptation by Marcy Goldberg Sacks and Priya Giri Desai.
"Curious George and Bill head into the clouds in this high-flying adventure. It's fun to soar with the birds, but one question soon arises: How will they get down?"--p. [4] of cover.
Record details
- ISBN: 9780547119663
- ISBN: 0547119666
- Physical Description: 1 v. (unpaged) : color illustrations ; 21 x 21 cm.
- Publisher: Boston : Houghton Mifflin Harcourt, 2009.
Content descriptions
| General Note: | "PBS Kids"--Cover. Based on the TV series teleplay written by Chuck Tately. |
Search for related items by subject
| Subject: | Curious George (Fictitious character). Monkeys > Fiction. Hot air balloons > Fiction. Ballooning > Fiction. |
Available copies
- 1 of 1 copy available at scottsboropl.
Holds
- 0 current holds with 1 total copy.
Show Only Available Copies
| Location | Call Number / Copy Notes | Barcode | Shelving Location | Status | Due Date |
|---|---|---|---|---|---|
| scottsboropl | E Rey | 32269000850951 | Juvenile - Easy | Available | - |
| LDR | 01391cam a2200349Ia 4500 | ||
|---|---|---|---|
| 001 | 132128 | ||
| 003 | CONS | ||
| 005 | 20140703073306.0 | ||
| 008 | 081103s2009 maua j 000 1 eng d | ||
| 020 | . | ‡a9780547119663 | |
| 020 | . | ‡a0547119666 | |
| 035 | . | ‡a(CPomAG)LMN503435 | |
| 050 | 4. | ‡aPZ | |
| 082 | 1 | 4. | ‡a[E] ‡bSacks |
| 100 | 1 | . | ‡aSacks, Marcy Goldberg. |
| 245 | 1 | 0. | ‡aCurious George : ‡bup, up, and away / ‡cadaptation by Marcy Goldberg Sacks and Priya Giri Desai. |
| 246 | 3 | 0. | ‡aUp, up, and away |
| 260 | . | ‡aBoston : ‡bHoughton Mifflin Harcourt, ‡c2009. | |
| 300 | . | ‡a1 v. (unpaged) : ‡bcolor illustrations ; ‡c21 x 21 cm. | |
| 500 | . | ‡a"PBS Kids"--Cover. | |
| 500 | . | ‡aBased on the TV series teleplay written by Chuck Tately. | |
| 520 | . | ‡a"Curious George and Bill head into the clouds in this high-flying adventure. It's fun to soar with the birds, but one question soon arises: How will they get down?"--p. [4] of cover. | |
| 650 | 1. | ‡aCurious George (Fictitious character). | |
| 650 | 1. | ‡aMonkeys ‡vFiction. | |
| 650 | 1. | ‡aHot air balloons ‡vFiction. | |
| 650 | 1. | ‡aBallooning ‡vFiction. | |
| 700 | 1 | . | ‡aDesai, Priya Giri. |
| 700 | 1 | . | ‡aTately, Chuck. |
| 700 | 1 | . | ‡aRey, H. A. ‡q(Hans Augusto), ‡d1898- |
| 730 | 0 | . | ‡aCurious George (Television program) |
| 959 | . | ‡i32269000850951 ‡lE Rey ‡aJuvenile - Easy ‡tEasy ‡g14.00 | |
| 852 | . | ‡p32269000850951 ‡jE Rey ‡gJuvenile - Easy ‡cEasy ‡y14.00 ‡bSBPL | |
| 901 | . | ‡a132128 ‡bUnknown ‡c132128 ‡tbiblio | |